[Event "Belleuve Chess 2012"]
[Site "Alcudia ESP"]
[Date "2012.10.18"]
[Round "5.22"]
[White "Strand, Oyvin"]
[Black "Fullana Benito, David"]
[Result "0-1"]
[WhiteElo "1899"]
[BlackElo "1813"]
[PlyCount "52"]
[EventDate "2012.10.14"]
[EventType "swiss"]
[EventRounds "9"]
[EventCountry "ESP"]
[Source "lmi"]
[SourceDate "2012.10.14"]

1. d4 d5 2. Nf3 Nf6 3. e3 Bf5 4. b3 e6 5. Bb2 c6 6. Bd3 Ne4 7. O-O Bd6 8. c4
Nd7 9. Nc3 Rc8 10. Qc2 Ndf6 11. Ne5 Bg6 12. f4 Nxc3 13. Bxc3 Ne4 14. Nxg6 hxg6
15. Bxe4 dxe4 16. Qxe4 Kd7 17. b4 f5 18. Qf3 g5 19. g3 g4 20. Qg2 Qf6 21. b5
Rh3 22. Qb2 Rch8 23. Rf2 e5 24. dxe5 Qh6 25. exd6 Rxg3+ 26. Rg2 Qxh2+ 0-1

[Event "Belleuve Chess 2012"]
[Site "Alcudia ESP"]
[Date "2012.10.18"]
[Round "5.23"]
[White "Navarrete Abraham, Jorge"]
[Black "Castello Castello, Juan Jose"]
[Result "0-1"]
[WhiteElo "1893"]
[BlackElo "1735"]
[PlyCount "95"]
[EventDate "2012.10.14"]
[EventType "swiss"]
[EventRounds "9"]
[EventCountry "ESP"]
[Source "lmi"]
[SourceDate "2012.10.14"]

1. c4 e5 2. Nc3 Nf6 3. g3 g6 4. Bg2 Bg7 5. e3 O-O 6. Nge2 c6 7. O-O d5 8. cxd5
cxd5 9. d4 e4 10. h3 Nc6 11. Nf4 Re8 12. Qb3 Na5 13. Qd1 Be6 14. b3 Rc8 15. Bb2
a6 16. Na4 Bf8 17. Qe2 Bd7 18. Nc3 Bc6 19. Rfc1 b5 20. Nb1 Bb7 21. Nd2 Qd7 22.
h4 Rxc1+ 23. Rxc1 Rc8 24. Qd1 Rxc1 25. Qxc1 Qc6 26. Qxc6 Nxc6 27. a3 Bd6 28. f3
Ne7 29. Kf2 Nf5 30. Bh3 Bxf4 31. Bxf5 Bxe3+ 32. Kxe3 gxf5 33. Kf4 Nh5+ 34. Kxf5
e3 35. Nb1 Nxg3+ 36. Ke5 Nf1 37. Nc3 Nd2 38. Kf4 Nxb3 39. Kxe3 Kg7 40. Ne2 Kg6
41. Bc3 Kh5 42. Kf4 Kxh4 43. Kf5 Bc8+ 44. Kf6 Be6 45. Be1+ Kh3 46. Nf4+ Kh2 47.
Nxe6 fxe6 48. f4 0-1

[Event "Belleuve Chess 2012"]
[Site "Alcudia ESP"]
[Date "2012.10.18"]
[Round "5.24"]
[White "Kehloul Gutierrez, Sadek"]
[Black "Perez Prieto, German"]
[Result "1/2-1/2"]
[WhiteElo "1776"]
[BlackElo "1872"]
[PlyCount "102"]
[EventDate "2012.10.14"]
[EventType "swiss"]
[EventRounds "9"]
[EventCountry "ESP"]
[Source "lmi"]
[SourceDate "2012.10.14"]

1. e4 e6 2. d4 d5 3. Nd2 dxe4 4. Nxe4 Nd7 5. Nf3 Ngf6 6. Bd3 Nxe4 7. Bxe4 Nf6
8. Bg5 Be7 9. Bxf6 Bxf6 10. Qd3 g6 11. Bxb7 Bxb7 12. Qb5+ Qd7 13. Qxb7 O-O 14.
Qe4 Qb5 15. b3 c5 16. c3 Rfd8 17. Rd1 Rac8 18. Qe2 Qxe2+ 19. Kxe2 cxd4 20. cxd4
Rc2+ 21. Rd2 Rxd2+ 22. Kxd2 e5 23. Kd3 Bg7 24. Re1 f6 25. Kc3 Rc8+ 26. Kb2 Rd8
27. dxe5 fxe5 28. Re4 h6 29. b4 Kf7 30. a4 Ke6 31. Kb3 Kf5 32. Re2 Bf6 33. Rd2
Re8 34. Rd7 e4 35. Nd4+ Bxd4 36. Rxd4 e3 37. fxe3 Rxe3+ 38. Kc2 Ra3 39. Rd5+
Ke6 40. Ra5 Ra2+ 41. Kc3 Rxg2 42. Rxa7 Rxh2 43. Ra6+ Kf5 44. b5 Rh1 45. b6 Rb1
46. Ra5+ Ke6 47. Ra6 Kd5 48. a5 Kc6 49. Ra8 g5 50. Rc8+ Kb7 51. Rc7+ Kb8
1/2-1/2

[Event "Belleuve Chess 2012"]
[Site "Alcudia ESP"]
[Date "2012.10.18"]
[Round "5.25"]
[White "Veras Sanz Jose, Antonio"]
[Black "Nadal Bestard, Sebastia"]
[Result "0-1"]
[WhiteElo "1712"]
[BlackElo "1851"]
[PlyCount "86"]
[EventDate "2012.10.14"]
[EventType "swiss"]
[EventRounds "9"]
[EventCountry "ESP"]
[Source "lmi"]
[SourceDate "2012.10.14"]

1. e4 e5 2. Nf3 d6 3. d4 exd4 4. Nxd4 Nf6 5. Nc3 Be7 6. Bc4 O-O 7. O-O a6 8. a4
Nxe4 9. Nxe4 d5 10. Bxd5 Qxd5 11. Nc3 Qd8 12. Be3 Nd7 13. Nf5 Bf6 14. Bd4 Ne5
15. Bxe5 Bxe5 16. Qxd8 Rxd8 17. Ne7+ Kf8 18. Nxc8 Raxc8 19. Rad1 Bxc3 20. bxc3
Rd6 21. Rd3 Rcd8 22. Rfd1 Rxd3 23. cxd3 Rd5 24. f3 Ra5 25. Rb1 b6 26. Rb4 Rd5
27. d4 Ke7 28. Kf2 Kd6 29. Ke3 Rh5 30. h3 Rh6 31. Rb2 Re6+ 32. Kd3 Re1 33. Rb4
Rg1 34. Rb2 Ra1 35. Rb4 Ra2 36. g4 Rh2 37. Ke4 Rxh3 38. c4 Rh1 39. a5 Kc6 40.
d5+ Kc5 41. d6 cxd6 42. axb6 Re1+ 43. Kf4 Kxb4 0-1

[Event "Belleuve Chess 2012"]
[Site "Alcudia ESP"]
[Date "2012.10.18"]
[Round "5.26"]
[White "Hidalgo Maireles, Juan Carlos"]
[Black "Jaume Pons, Antonio"]
[Result "0-1"]
[WhiteElo "1811"]
[BlackElo "1693"]
[PlyCount "71"]
[EventDate "2012.10.14"]
[EventType "swiss"]
[EventRounds "9"]
[EventCountry "ESP"]
[Source "lmi"]
[SourceDate "2012.10.14"]

1. d4 d5 2. e3 c6 3. c4 Nf6 4. a3 g6 5. c5 Bg7 6. b4 Nbd7 7. Nf3 O-O 8. Be2 b6
9. O-O bxc5 10. bxc5 Rb8 11. Qc2 Ne4 12. Bb2 Ndxc5 13. Nbd2 Nxd2 14. Nxd2 Qb6
15. Bc3 Bf5 16. Qc1 Nd3 17. Bxd3 Bxd3 18. Rd1 Rfc8 19. Bb4 e5 20. Bc5 Qc7 21.
Qc3 e4 22. Nb3 Rb5 23. a4 Rbb8 24. Ba3 Qd7 25. Nc5 Qf5 26. Nxd3 exd3 27. Qxd3
Qd7 28. Bc5 Rb7 29. Rab1 Rcb8 30. a5 Qf5 31. Qxf5 gxf5 32. Rxb7 Rxb7 33. a6 Rb5
34. Ra1 Rxc5 35. g3 Rb5 36. Ra2 0-1

[Event "Belleuve Chess 2012"]
[Site "Alcudia ESP"]
[Date "2012.10.18"]
[Round "5.27"]
[White "Sierra Bermejo, Gregorio"]
[Black "Gimenez Garcia, Emilio"]
[Result "0-1"]
[WhiteElo "1647"]
[BlackElo "1806"]
[PlyCount "76"]
[EventDate "2012.10.14"]
[EventType "swiss"]
[EventRounds "9"]
[EventCountry "ESP"]
[Source "lmi"]
[SourceDate "2012.10.14"]

1. e4 c6 2. c4 d5 3. exd5 cxd5 4. cxd5 Qxd5 5. Nc3 Qd8 6. Nf3 Nc6 7. Bb5 Bd7 8.
O-O Nf6 9. d4 a6 10. Ba4 e6 11. Ne5 Be7 12. Nxd7 Qxd7 13. Be3 O-O 14. a3 Rfd8
15. b4 b5 16. Nxb5 axb5 17. Bxb5 Qd5 18. Be2 Nxd4 19. Bxd4 Qxd4 20. Qb3 Rdc8
21. Bf3 Rab8 22. h3 Nd5 23. Qa4 Ra8 24. Qd7 Rd8 25. Qb7 Qa7 26. Qb5 Bf6 27.
Rac1 Qxa3 28. Bxd5 exd5 29. Rfe1 g6 30. Qc6 Rac8 31. Qxc8 Rxc8 32. Rxc8+ Kg7
33. b5 Qb4 34. Ree8 Qxb5 35. Rg8+ Kh6 36. Rgf8 Qb1+ 37. Kh2 Be5+ 38. g3 Qf5 0-1

[Event "Belleuve Chess 2012"]
[Site "Alcudia ESP"]
[Date "2012.10.18"]
[Round "5.28"]
[White "Rodriguez Yague, Fermin"]
[Black "Dominguez Marquez Juan, Car"]
[Result "0-1"]
[WhiteElo "1759"]
[BlackElo "1718"]
[PlyCount "46"]
[EventDate "2012.10.14"]
[EventType "swiss"]
[EventRounds "9"]
[EventCountry "ESP"]
[Source "lmi"]
[SourceDate "2012.10.14"]

1. e4 c5 2. Nf3 d6 3. d4 cxd4 4. Nxd4 Nf6 5. Nc3 a6 6. Bg5 e6 7. Qd2 Be7 8. f4
Nc6 9. O-O-O Qc7 10. Be2 b5 11. Nxc6 Qxc6 12. Bf3 Nd7 13. Bxe7 Kxe7 14. Rhe1
Nb6 15. f5 h6 16. Nd5+ Kf8 17. Nxb6 Qxb6 18. Qxd6+ Qxd6 19. Rxd6 Ke7 20. Rd4
Ra7 21. fxe6 Bxe6 22. Red1 Rc8 23. e5 Rc5 0-1

[Event "Belleuve Chess 2012"]
[Site "Alcudia ESP"]
[Date "2012.10.18"]
[Round "5.29"]
[White "Rodriguez Bennassar, Miquel"]
[Black "Carranza Pons, Ricardo Nelson"]
[Result "0-1"]
[WhiteElo "1457"]
[BlackElo "1718"]
[PlyCount "84"]
[EventDate "2012.10.14"]
[EventType "swiss"]
[EventRounds "9"]
[EventCountry "ESP"]
[Source "lmi"]
[SourceDate "2012.10.14"]

1. d4 Nf6 2. Nf3 g6 3. g3 Bg7 4. Bg2 O-O 5. c4 d6 6. O-O Nbd7 7. Nc3 e5 8. dxe5
dxe5 9. h3 c6 10. Qc2 Qe7 11. Be3 Nb6 12. b3 Bf5 13. Qb2 Ne4 14. Nh4 Nxc3 15.
Nxf5 gxf5 16. Qxc3 Rfd8 17. Qc2 Qf6 18. Rad1 Rxd1 19. Rxd1 f4 20. gxf4 exf4 21.
Bd4 Qg6 22. Qxg6 hxg6 23. Bxg7 Kxg7 24. h4 Re8 25. Bf3 Re7 26. Bg4 f5 27. Bf3
Nd7 28. Rd4 Nf6 29. c5 Ne4 30. a3 Nxc5 31. Rxf4 Nxb3 32. Rb4 Nc5 33. Rf4 Ne4
34. h5 Nd2 35. e3 Nxf3+ 36. Rxf3 Re4 37. hxg6 Kxg6 38. Rg3+ Kf6 39. Kg2 c5 40.
Kf3 Ra4 41. Rg1 Rxa3 42. Rd1 Rc3 0-1

[Event "Belleuve Chess 2012"]
[Site "Alcudia ESP"]
[Date "2012.10.18"]
[Round "5.30"]
[White "Nadal Marti, Bernardo Pedro"]
[Black "Febrero Perez, Lluis"]
[Result "1-0"]
[WhiteElo "1966"]
[BlackElo "1597"]
[PlyCount "69"]
[EventDate "2012.10.14"]
[EventType "swiss"]
[EventRounds "9"]
[EventCountry "ESP"]
[Source "lmi"]
[SourceDate "2012.10.14"]

1. d4 Nf6 2. c4 g6 3. Nc3 d5 4. Bg5 Bg7 5. e3 b6 6. Bxf6 Bxf6 7. Nxd5 Nd7 8.
Qa4 Bg7 9. Qc6 Rb8 10. Qxc7 Bb7 11. Qxd8+ Rxd8 12. Nc7+ Kf8 13. Nf3 e6 14. Nb5
Ke7 15. Bd3 a6 16. Nc3 f5 17. O-O e5 18. Be2 e4 19. Nd2 Ne5 20. Rfd1 Nf7 21.
Na4 Rd6 22. Rab1 Rb8 23. b4 Bc6 24. c5 bxc5 25. bxc5 Rdd8 26. Nb6 f4 27. Bxa6
fxe3 28. fxe3 Bh6 29. Ndc4 Ng5 30. d5 Be8 31. c6 Ne6 32. d6+ Kf8 33. c7 Nxc7
34. dxc7 Rxd1+ 35. Rxd1 1-0

[Event "Belleuve Chess 2012"]
[Site "Alcudia ESP"]
[Date "2012.10.18"]
[Round "5.32"]
[White "Nin Serres, Pere"]
[Black "Serralta Font, Carles"]
[Result "1-0"]
[WhiteElo "1732"]
[BlackElo "1403"]
[PlyCount "81"]
[EventDate "2012.10.14"]
[EventType "swiss"]
[EventRounds "9"]
[EventCountry "ESP"]
[Source "lmi"]
[SourceDate "2012.10.14"]

1. d4 Nf6 2. c4 g6 3. Nc3 Bg7 4. e4 d6 5. Nf3 O-O 6. Be2 c6 7. O-O a6 8. a4
Nbd7 9. h3 e5 10. dxe5 dxe5 11. Bg5 h6 12. Bh4 Qb6 13. Qc1 Nh7 14. Kh1 Nc5 15.
Rb1 f5 16. Nd2 f4 17. f3 g5 18. Bf2 Rf7 19. b4 Bf8 20. bxc5 Qc7 21. Rd1 h5 22.
Nf1 Be6 23. Nh2 Nf6 24. g3 Bxh3 25. gxf4 exf4 26. Rg1 Qe5 27. Qd2 Bxc5 28. Bxc5
Qxc5 29. Rxg5+ Qxg5 30. Rg1 Bg4 31. fxg4 Rg7 32. Nf3 Qc5 33. g5 Ng4 34. Rg2 Kh8
35. Qd4 Qf8 36. e5 Qf5 37. Ne4 Ne3 38. Rh2 Qg6 39. Nf6 Rag8 40. Rxh5+ Rh7 41.
Rxh7+ 1-0

[Event "Belleuve Chess 2012"]
[Site "Alcudia ESP"]
[Date "2012.10.18"]
[Round "5.34"]
[White "Abrines Sampol, Lorenzo"]
[Black "Mateu Mir, Gabriel"]
[Result "1-0"]
[WhiteElo "1707"]
[BlackElo "1575"]
[PlyCount "43"]
[EventDate "2012.10.14"]
[EventType "swiss"]
[EventRounds "9"]
[EventCountry "ESP"]
[Source "lmi"]
[SourceDate "2012.10.14"]

1. e4 g6 2. d4 d6 3. c4 Bg7 4. Nc3 e6 5. Be3 Ne7 6. f4 b6 7. Nf3 Bb7 8. Be2 Nd7
9. O-O O-O 10. Qd2 Nf6 11. d5 exd5 12. cxd5 c6 13. Rad1 cxd5 14. e5 dxe5 15.
fxe5 Ne4 16. Nxe4 dxe4 17. Qb4 Qe8 18. Ng5 Nd5 19. Qxe4 Nxe3 20. Qxe3 Bxe5 21.
Qh3 Bxg2 22. Qxh7# 1-0

[Event "Belleuve Chess 2012"]
[Site "Alcudia ESP"]
[Date "2012.10.18"]
[Round "5.35"]
[White "Forcadell Escouffier, Albert"]
[Black "Gibert Rossello, Antonio"]
[Result "1-0"]
[WhiteElo "1554"]
[BlackElo "1564"]
[PlyCount "69"]
[EventDate "2012.10.14"]
[EventType "swiss"]
[EventRounds "9"]
[EventCountry "ESP"]
[Source "lmi"]
[SourceDate "2012.10.14"]

1. Nf3 Nf6 2. e3 g6 3. d4 Bg7 4. b3 d5 5. Bb2 O-O 6. Bd3 Nbd7 7. Nbd2 c5 8. O-O
cxd4 9. exd4 Re8 10. Re1 Qc7 11. Rc1 Nf8 12. Ne5 N6d7 13. Ndf3 Nxe5 14. Nxe5
Nd7 15. Nf3 Nf8 16. Qd2 Bd7 17. c4 dxc4 18. Bxc4 Qb6 19. Qf4 Ne6 20. Qe3 h6 21.
Ne5 Bxe5 22. Qxe5 Qd6 23. Qe3 Kh7 24. h4 Qf4 25. Qh3 Rf8 26. d5 Nd4 27. Qxd7
Nf5 28. g3 Nxg3 29. Qh3 Ne4 30. Re2 Nd2 31. Re3 Nxc4 32. Rxc4 Qd6 33. Qf3 e6
34. Be5 Qxd5 35. Qf6 1-0

[Event "Belleuve Chess 2012"]
[Site "Alcudia ESP"]
[Date "2012.10.19"]
[Round "6.2"]
[White "Asensio Ramos, Enrique Fernando"]
[Black "Botelho Luis, Miguel Rodrig"]
[Result "1-0"]
[WhiteElo "1858"]
[BlackElo "1972"]
[PlyCount "82"]
[EventDate "2012.10.14"]
[EventType "swiss"]
[EventRounds "9"]
[EventCountry "ESP"]
[Source "lmi"]
[SourceDate "2012.10.14"]

1. d4 g6 2. Bf4 Bg7 3. e3 d6 4. c4 b6 5. Qf3 c6 6. Nc3 Bb7 7. Rc1 Nd7 8. d5 Rc8
9. e4 cxd5 10. cxd5 Ngf6 11. Bd3 O-O 12. Nge2 Nh5 13. h4 Nxf4 14. Nxf4 Ne5 15.
Qh3 h5 16. Be2 Nc4 17. g4 hxg4 18. Bxg4 Nxb2 19. Bxc8 Bxc8 20. Qg3 Bh6 21. Nce2
Ba6 22. Rc2 Nc4 23. Nxg6 fxg6 24. Qxg6+ Bg7 25. Rg1 Rf7 26. Rxc4 Bxc4 27. Nd4
e5 28. dxe6 Rc7 29. Nf5 Qf8 30. h5 Kh8 31. e7 Rxe7 32. Nxe7 Qxe7 33. Rg5 d5 34.
a3 Bc3+ 35. Kd1 Bb3+ 36. Ke2 Bc4+ 37. Kd1 Bb3+ 38. Ke2 Bc4+ 39. Kf3 dxe4+ 40.
Kg2 Qf8 41. Qxe4 Bg8 1-0

[Event "Belleuve Chess 2012"]
[Site "Alcudia ESP"]
[Date "2012.10.19"]
[Round "6.3"]
[White "Sanabria Macias, Anselmo"]
[Black "Moueden, Mohamed Amine"]
[Result "1/2-1/2"]
[WhiteElo "1935"]
[BlackElo "1997"]
[PlyCount "72"]
[EventDate "2012.10.14"]
[EventType "swiss"]
[EventRounds "9"]
[EventCountry "ESP"]
[Source "lmi"]
[SourceDate "2012.10.14"]

1. e4 e5 2. Nf3 Nf6 3. Nxe5 d6 4. Nf3 Nxe4 5. d4 d5 6. Bd3 Nc6 7. c3 Bd6 8. h3
O-O 9. O-O Ne7 10. c4 c6 11. Nc3 Nxc3 12. bxc3 dxc4 13. Bxc4 Qa5 14. Bd2 Qh5
15. Ne5 Qh4 16. Nf3 Qh5 17. Ne5 Qxd1 18. Raxd1 Nd5 19. Rfe1 Be6 20. Bd3 Rfe8
21. Rb1 f6 22. Nc4 Bf4 23. Bxf4 Nxf4 24. Bf1 b5 25. Nd6 Re7 26. a3 Kf8 27. c4
bxc4 28. Bxc4 Bxc4 29. Rxe7 Kxe7 30. Nxc4 Rd8 31. Rb7+ Rd7 32. Rxd7+ Kxd7 33.
Kf1 Ne6 34. Ke2 Nxd4+ 35. Kd3 c5 36. Na5 Kd6 1/2-1/2

[Event "Belleuve Chess 2012"]
[Site "Alcudia ESP"]
[Date "2012.10.19"]
[Round "6.4"]
[White "Fiol Company, Juan"]
[Black "Stefanov, Evtim"]
[Result "1-0"]
[WhiteElo "1934"]
[BlackElo "1963"]
[PlyCount "73"]
[EventDate "2012.10.14"]
[EventType "swiss"]
[EventRounds "9"]
[EventCountry "ESP"]
[Source "lmi"]
[SourceDate "2012.10.14"]

1. e4 c5 2. Nf3 e6 3. d4 cxd4 4. c3 dxc3 5. Nxc3 Bc5 6. Bc4 Ne7 7. O-O a6 8.
Qe2 O-O 9. Bg5 f6 10. Bh4 Ng6 11. Bg3 Nc6 12. Rfd1 Qe7 13. a3 Nge5 14. Ba2 b5
15. Nd5 Qd8 16. b4 Nxf3+ 17. Qxf3 Bd4 18. Rac1 Kh8 19. Nc7 Ra7 20. Nxe6 dxe6
21. Rxc6 e5 22. Rdc1 Bb7 23. R6c2 f5 24. Bd5 Bxd5 25. exd5 f4 26. Qg4 Raf7 27.
Rc8 Qxd5 28. Bh4 Kg8 29. Rxf8+ Rxf8 30. Rc7 e4 31. Be7 Qa2 32. Qd1 Qxf2+ 33.
Kh1 f3 34. gxf3 Rxf3 35. Bc5 Rh3 36. Rc8+ Kf7 37. Rf8+ 1-0

[Event "Belleuve Chess 2012"]
[Site "Alcudia ESP"]
[Date "2012.10.19"]
[Round "6.5"]
[White "Rios Torondell, Jaume"]
[Black "Gomez Olivares, Alejandro"]
[Result "0-1"]
[WhiteElo "1944"]
[BlackElo "1993"]
[PlyCount "122"]
[EventDate "2012.10.14"]
[EventType "swiss"]
[EventRounds "9"]
[EventCountry "ESP"]
[Source "lmi"]
[SourceDate "2012.10.14"]

1. e4 c5 2. Nf3 Nc6 3. Bb5 e6 4. c3 Nge7 5. d4 cxd4 6. cxd4 d5 7. e5 Qb6 8. Nc3
Bd7 9. Bxc6 Bxc6 10. O-O Nf5 11. g4 Ne7 12. Nh4 h5 13. gxh5 g6 14. h6 Bxh6 15.
Bxh6 Rxh6 16. Nf3 Qxb2 17. Qc1 Qxc1 18. Rfxc1 Kd7 19. Rab1 Rah8 20. Nb5 Bxb5
21. Rxb5 b6 22. a4 Rh3 23. Kg2 Nc6 24. Rb2 R3h7 25. Rbc2 Rc8 26. Ng5 Rg7 27.
Kf1 Ne7 28. Ke2 Rxc2+ 29. Rxc2 Nc6 30. Ke3 Na5 31. f4 Nc4+ 32. Kd3 Ke7 33. Re2
Rg8 34. Kc3 Rb8 35. Kd3 b5 36. axb5 Rxb5 37. Ra2 a5 38. Nf3 Rb3+ 39. Ke2 Rb2+
40. Rxb2 Nxb2 41. Kd2 Nc4+ 42. Kc3 Ne3 43. Ng1 f6 44. Kb3 g5 45. fxg5 fxg5 46.
Ka4 Kf7 47. Kxa5 Kg6 48. Kb6 Nf1 49. h3 Kf5 50. Kc5 Ng3 51. Kd6 Nh5 52. Nf3 Nf4
53. Ng1 Ke4 54. Kc5 Ke3 55. Kd6 Kf2 56. h4 gxh4 57. Nh3+ Nxh3 58. Kxe6 Nf4+ 59.
Kd6 Ke3 60. e6 Nxe6 61. Kxe6 h3 0-1

[Event "Belleuve Chess 2012"]
[Site "Alcudia ESP"]
[Date "2012.10.19"]
[Round "6.6"]
[White "Westerweele, Henrik"]
[Black "Delgadillo Torrico, Felipe"]
[Result "0-1"]
[WhiteElo "1942"]
[BlackElo "1981"]
[PlyCount "104"]
[EventDate "2012.10.14"]
[EventType "swiss"]
[EventRounds "9"]
[EventCountry "ESP"]
[Source "lmi"]
[SourceDate "2012.10.14"]

1. e4 c5 2. c3 Nf6 3. e5 Nd5 4. d4 cxd4 5. Nf3 Nc6 6. Bc4 Nb6 7. Bb3 e6 8. cxd4
d5 9. Nc3 Be7 10. Bc2 Bd7 11. h4 Nb4 12. Bb1 a6 13. a3 Nc6 14. Bg5 h6 15. Bxe7
Nxe7 16. Bd3 Rc8 17. Rc1 Nc4 18. Qe2 b5 19. Rh3 O-O 20. Bb1 f5 21. exf6 Rxf6
22. Qc2 Ng6 23. Rg3 Nf8 24. h5 Be8 25. Ne2 Bxh5 26. Ne5 Nd6 27. Rc3 Rxc3 28.
Qxc3 Ne4 29. Bxe4 dxe4 30. Qc7 Qd5 31. Qc6 Qb3 32. Qc3 Qd5 33. Qc6 Bxe2 34.
Qxd5 exd5 35. Kxe2 Ng6 36. Nxg6 Rxg6 37. g3 Rd6 38. Rc7 Kh7 39. Ra7 Kg6 40. Ke3
Kf6 41. Rc7 g6 42. Rc8 Kg5 43. Re8 Kg4 44. Rf8 g5 45. Re8 h5 46. Rg8 Rf6 47.
Rd8 Rf5 48. Rd6 h4 49. gxh4 gxh4 50. Rxa6 h3 51. Rh6 Rh5 52. f3+ Kg5 0-1

[Event "Belleuve Chess 2012"]
[Site "Alcudia ESP"]
[Date "2012.10.19"]
[Round "6.7"]
[White "Gonzalez Pabollet, Jesus Ma"]
[Black "Lielmezs, Girts"]
[Result "0-1"]
[WhiteElo "1962"]
[BlackElo "1910"]
[PlyCount "70"]
[EventDate "2012.10.14"]
[EventType "swiss"]
[EventRounds "9"]
[EventCountry "ESP"]
[Source "lmi"]
[SourceDate "2012.10.14"]

1. e4 d5 2. exd5 Qxd5 3. d4 Nc6 4. Nf3 e5 5. Nc3 Bb4 6. Bd2 Bxc3 7. Bxc3 e4 8.
Ne5 Nxe5 9. dxe5 Be6 10. Be2 O-O-O 11. O-O Qc6 12. Qc1 Ne7 13. f4 h5 14. Qe3
Kb8 15. Kh1 Nf5 16. Qf2 h4 17. Rfd1 Bd5 18. Bg4 Nh6 19. Bh3 Be6 20. Qxh4 Rdg8
21. Qg3 g6 22. Bxe6 fxe6 23. Bd4 Nf5 24. Qf2 g5 25. Bxa7+ Ka8 26. Be3 gxf4 27.
Bxf4 e3 28. Qf3 Ng3+ 29. Bxg3 Qxf3 30. gxf3 Rxg3 31. Rf1 Rgh3 32. Rae1 Rxh2+
33. Kg1 e2 34. Rxe2 Rxe2 35. f4 Rg8+ 0-1

[Event "Belleuve Chess 2012"]
[Site "Alcudia ESP"]
[Date "2012.10.19"]
[Round "6.8"]
[White "Ponce Cano, Adrian"]
[Black "Suuronen, Petri"]
[Result "1-0"]
[WhiteElo "1958"]
[BlackElo "1894"]
[PlyCount "115"]
[EventDate "2012.10.14"]
[EventType "swiss"]
[EventRounds "9"]
[EventCountry "ESP"]
[Source "lmi"]
[SourceDate "2012.10.14"]

1. e4 d6 2. Bc4 Nf6 3. d3 e5 4. f4 c6 5. Nf3 Be7 6. Nc3 Nbd7 7. Qe2 b5 8. fxe5
dxe5 9. Bb3 a5 10. Be3 a4 11. Bxf7+ Kxf7 12. Ng5+ Kg8 13. Ne6 Qa5 14. O-O b4
15. Nd1 Bc5 16. Kh1 Bxe3 17. Nxe3 Nf8 18. Nc4 Qa7 19. Nxf8 Bg4 20. Qd2 Rxf8 21.
Nxe5 Be6 22. Nxc6 Qc5 23. Nxb4 Rd8 24. Qe1 h6 25. a3 Kh7 26. e5 Ng4 27. c3 Rhf8
28. d4 Qc4 29. h3 Rxf1+ 30. Qxf1 Qxf1+ 31. Rxf1 Ne3 32. Re1 Nc4 33. Re2 Kg6 34.
Rf2 Kh7 35. Kh2 Kg6 36. Nd3 Kh7 37. Nc5 Bd7 38. Rf7 Bc6 39. Rc7 Bd5 40. Nxa4
Rf8 41. Rc5 Ne3 42. Nb6 Be4 43. Nc4 Nxg2 44. Nd6 Ba8 45. e6 Rf2 46. e7 Nf4+ 47.
Kg3 Rf3+ 48. Kg4 h5+ 49. Kg5 Ne6+ 50. Kh4 g5+ 51. Rxg5 Rf4+ 52. Rg4 hxg4 53.
e8=Q g3+ 54. Kxg3 Rf3+ 55. Kh2 Rf2+ 56. Kg1 Rg2+ 57. Kf1 Be4 58. Qxe6 1-0

[Event "Belleuve Chess 2012"]
[Site "Alcudia ESP"]
[Date "2012.10.19"]
[Round "6.9"]
[White "Hernandez Delgado, Gabriel"]
[Black "Llamazares Lopez, Carlos"]
[Result "0-1"]
[WhiteElo "1987"]
[BlackElo "1694"]
[PlyCount "46"]
[EventDate "2012.10.14"]
[EventType "swiss"]
[EventRounds "9"]
[EventCountry "ESP"]
[Source "lmi"]
[SourceDate "2012.10.14"]

1. b3 d5 2. Bb2 c5 3. e3 Nc6 4. Bb5 a6 5. Bxc6+ bxc6 6. Nf3 f6 7. d4 e6 8. O-O
Bd6 9. c4 Ne7 10. Qc2 cxd4 11. exd4 O-O 12. Re1 Bd7 13. Nc3 Qb8 14. Rad1 Ng6
15. Na4 Qb7 16. Bc3 Rae8 17. Qd2 e5 18. dxe5 fxe5 19. cxd5 c5 20. Nb2 e4 21.
Ng5 Bf4 22. Qc2 Bxg5 23. Rxe4 Bf5 0-1

[Event "Belleuve Chess 2012"]
[Site "Alcudia ESP"]
[Date "2012.10.19"]
[Round "6.10"]
[White "Martinez Rubio, Felipe"]
[Black "Garcia Sanz, Eduardo"]
[Result "0-1"]
[WhiteElo "1815"]
[BlackElo "1999"]
[PlyCount "66"]
[EventDate "2012.10.14"]
[EventType "swiss"]
[EventRounds "9"]
[EventCountry "ESP"]
[Source "lmi"]
[SourceDate "2012.10.14"]

1. d4 d5 2. Bg5 h6 3. Bh4 c5 4. dxc5 Qa5+ 5. Nc3 e6 6. e4 Bxc5 7. exd5 Bb4 8.
Qd4 f6 9. Bb5+ Qxb5 10. dxe6 Qe5+ 11. Qxe5 fxe5 12. O-O-O Bxe6 13. Nb5 Na6 14.
a3 Be7 15. Bg3 Nf6 16. Bxe5 O-O 17. f3 Rfd8 18. Ne2 Bc4 19. Nec3 Nd5 20. Nxd5
Rxd5 21. Rxd5 Bxd5 22. Re1 Bc6 23. Nd4 Rc8 24. Nxc6 Rxc6 25. f4 Re6 26. b4 Kf7
27. f5 Bg5+ 28. Kd1 Re8 29. Re2 Bf6 30. Bxf6 Rxe2 31. Kxe2 Kxf6 32. c4 Nc7 33.
c5 Kxf5 0-1

[Event "Belleuve Chess 2012"]
[Site "Alcudia ESP"]
[Date "2012.10.19"]
[Round "6.11"]
[White "Rodriguez Sanchez, Rafael"]
[Black "Adeyemi, Adedeji"]
[Result "1/2-1/2"]
[WhiteElo "1809"]
[BlackElo "1997"]
[PlyCount "73"]
[EventDate "2012.10.14"]
[EventType "swiss"]
[EventRounds "9"]
[EventCountry "ESP"]
[Source "lmi"]
[SourceDate "2012.10.14"]

1. e4 d5 2. exd5 Nf6 3. d4 Nxd5 4. Nf3 Bg4 5. Be2 e6 6. O-O Be7 7. Re1 O-O 8.
Ne5 Bxe2 9. Qxe2 Nd7 10. c4 N5b6 11. b3 a5 12. Bb2 c6 13. Nd2 a4 14. Bc3 axb3
15. axb3 Nxe5 16. Qxe5 Bf6 17. Qe3 Qc7 18. Ne4 Nd7 19. Qf3 Be7 20. Ng3 Nf6 21.
h4 Qb6 22. Nf5 exf5 23. Rxa8 Rxa8 24. Rxe7 Qxb3 25. d5 cxd5 26. Bxf6 Qxf3 27.
gxf3 gxf6 28. cxd5 Rd8 29. Rxb7 Rxd5 30. Rb4 Kg7 31. Kg2 Kg6 32. Kg3 Rd1 33.
Ra4 Rg1+ 34. Kh2 Re1 35. Rf4 Re5 36. Kg2 Kh5 37. Kg3 1/2-1/2

[Event "Belleuve Chess 2012"]
[Site "Alcudia ESP"]
[Date "2012.10.19"]
[Round "6.12"]
[White "Rautanen, Sari"]
[Black "Maria Lopez, Jorge Luis"]
[Result "1-0"]
[WhiteElo "1955"]
[BlackElo "1877"]
[PlyCount "64"]
[EventDate "2012.10.14"]
[EventType "swiss"]
[EventRounds "9"]
[EventCountry "ESP"]
[Source "lmi"]
[SourceDate "2012.10.14"]

1. Nf3 Nf6 2. g3 d5 3. Bg2 c6 4. O-O Bf5 5. d3 Nbd7 6. Nbd2 e5 7. Qe1 Bd6 8. e4
dxe4 9. dxe4 Be6 10. h3 h6 11. Qe2 Qe7 12. Nh4 O-O-O 13. Nf5 Qf8 14. Nc4 Bc5
15. c3 b5 16. Na5 Nb8 17. a4 a6 18. axb5 axb5 19. Be3 g6 20. Nh4 Qe7 21. b4
Bxe3 22. Qxe3 Rd7 23. Qb6 Qd6 24. Rfd1 Qc7 25. Qe3 Rxd1+ 26. Rxd1 g5 27. Nf5
Bxf5 28. exf5 Nd5 29. Bxd5 cxd5 30. Rxd5 Nd7 31. Rxb5 f6 32. Qf3 Rh7 1-0

[Event "Belleuve Chess 2012"]
[Site "Alcudia ESP"]
[Date "2012.10.19"]
[Round "6.13"]
[White "Sanchez Rodriguez, Francisc"]
[Black "Wallace, Mitchel"]
[Result "1-0"]
[WhiteElo "1933"]
[BlackElo "1833"]
[PlyCount "51"]
[EventDate "2012.10.14"]
[EventType "swiss"]
[EventRounds "9"]
[EventCountry "ESP"]
[Source "lmi"]
[SourceDate "2012.10.14"]

1. Nf3 d6 2. d4 Nf6 3. Nc3 Nbd7 4. e4 e5 5. dxe5 dxe5 6. Bc4 Be7 7. Bg5 c6 8.
O-O Qc7 9. a4 a5 10. Qe2 h6 11. Bh4 Nf8 12. Bg3 Ng6 13. h3 Nh5 14. Bxf7+ Kxf7
15. Nxe5+ Nxe5 16. Qxh5+ Kf6 17. f4 Nc4 18. Bh4+ g5 19. e5+ Kg7 20. fxg5 Nxe5
21. Bg3 Be6 22. Bxe5+ Qxe5 23. gxh6+ Rxh6 24. Qxe5+ Bf6 25. Rxf6 Rxf6 26. Rf1
1-0